Normal view
MARC view
- Donovan, William N.,
Entry Personal Name
001 - CONTROL NUMBER
- control field: 90886
003 - CONTROL NUMBER IDENTIFIER
- control field: NUST
005 - DATE AND TIME OF LATEST TRANSACTION
- control field: 20220411120552.0
008 - FIXED-LENGTH DATA ELEMENTS
- fixed length control field: 220411|| aca||aabn | a|a d
040 ## - CATALOGING SOURCE
- Original cataloging agency: NUST
- Transcribing agency: NUST
100 ## - HEADING--PERSONAL NAME
- Personal name: Donovan, William N.,
- Dates associated with a name: 1910-
670 ## - SOURCE DATA FOUND
- Source citation: Work cat.: (NUST)0: Donovan, William N., 1910-, P.O.W. in the Pacific :, 1998.
